00457nam a22001217a 450000500170000002000260001703700130004310000160005624500850007226000400015727001160019730000220031320120116121426.0 a9788190942027c250.00 aDPLbPUB aWalia, B.S. aNew Mantra Junior English Grammar and translation (Hindi-English)/cby B.S.Walia aPanchkulabNihal Publicationsc2011 aBharat Nagar, Kalka Bhind Railway Workshop Dist.PanchkulabPanchkula (Haryana)e133302k99104458719, 8826824203 a304p.c24cm.(pbk)